The mats / (Record no. 1637)
[ view plain ]
| 000 -LEADER | |
|---|---|
| fixed length control field | 00839nam a22003017a 4500 |
| 001 - CONTROL NUMBER | |
| control field | 4486931 |
| 003 - CONTROL NUMBER IDENTIFIER | |
| control field | OSt |
| 005 - DATE AND TIME OF LATEST TRANSACTION | |
| control field | 20140310181713.0 |
| 008 - FIXED-LENGTH DATA ELEMENTS--GENERAL INFORMATION | |
| fixed length control field | 970327s1995 ph a 000 1 eng |
| 010 ## - LIBRARY OF CONGRESS CONTROL NUMBER | |
| LC control number | 96946163 |
| 020 ## - INTERNATIONAL STANDARD BOOK NUMBER | |
| International Standard Book Number | 9716300506 (hard) |
| 020 ## - INTERNATIONAL STANDARD BOOK NUMBER | |
| International Standard Book Number | 9716300409 (pbk.) |
| 040 ## - CATALOGING SOURCE | |
| Original cataloging agency | DLC |
| Transcribing agency | DLC |
| 042 ## - AUTHENTICATION CODE | |
| Authentication code | lcode |
| 050 00 - LIBRARY OF CONGRESS CALL NUMBER | |
| Classification number | PL 5542 |
| Item number | .Ar7 1995 |
| 082 ## - DEWEY DECIMAL CLASSIFICATION NUMBER | |
| Classification number | FIL 899.210 |
| Item number | Ar2 1995 |
| 100 1# - MAIN ENTRY--PERSONAL NAME | |
| Personal name | Arcellana, Francisco. |
| 245 14 - TITLE STATEMENT | |
| Title | The mats / |
| Statement of responsibility, etc | by Francisco Arcellana ; illustrated by Hermès Alègrè. |
| 250 ## - EDITION STATEMENT | |
| Edition statement | 1st. ed. |
| 260 ## - PUBLICATION, DISTRIBUTION, ETC. (IMPRINT) | |
| Place of publication, distribution, etc | Manila : |
| Name of publisher, distributor, etc | Tahanan Books for Young Readers, |
| Date of publication, distribution, etc | c1995. |
| 300 ## - PHYSICAL DESCRIPTION | |
| Extent | 1 v. (unpaged) : |
| Other physical details | col. ill. ; |
| Dimensions | 24 cm. |
| 500 ## - GENERAL NOTE | |
| General note | Children story. |
| 562 ## - COPY AND VERSION IDENTIFICATION NOTE | |
| Number of copies | 1 |
| 906 ## - LOCAL DATA ELEMENT F, LDF (RLIN) | |
| a | 7 |
| b | cbc |
| c | origode |
| d | 4 |
| e | ncip |
| f | 19 |
| g | y-gencatlg |
| 942 ## - ADDED ENTRY ELEMENTS (KOHA) | |
| Source of classification or shelving scheme | Library of Congress Classification |
| Koha item type | Books |
| Withdrawn status | Lost status | Source of classification or shelving scheme | Damaged status | Home library | Current library | Shelving location | Date acquired | Total Checkouts | Full call number | Barcode | Date last seen | Copy number | Price effective from | Koha item type |
|---|---|---|---|---|---|---|---|---|---|---|---|---|---|---|
| Library of Congress Classification | Luxembourg Library | Luxembourg Library | Filipiniana Section | 06/28/2013 | PL 5542 .Ar7 1995 | 15288 | 08/13/2013 | 1 | 10/03/2013 | Books |